<?xml version="1.0" encoding="UTF-8"?><?xml-stylesheet type="text/xsl" href="static/style.xsl"?><OAI-PMH xmlns="http://www.openarchives.org/OAI/2.0/" xmlns:xsi="http://www.w3.org/2001/XMLSchema-instance" xsi:schemaLocation="http://www.openarchives.org/OAI/2.0/ http://www.openarchives.org/OAI/2.0/OAI-PMH.xsd"><responseDate>2026-04-13T07:15:28Z</responseDate><request verb="GetRecord" identifier="oai:www.recercat.cat:2117/82735" metadataPrefix="marc">https://recercat.cat/oai/request</request><GetRecord><record><header><identifier>oai:recercat.cat:2117/82735</identifier><datestamp>2025-07-17T15:07:49Z</datestamp><setSpec>com_2072_1033</setSpec><setSpec>col_2072_452951</setSpec></header><metadata><record xmlns="http://www.loc.gov/MARC21/slim" xmlns:dcterms="http://purl.org/dc/terms/" xmlns:xsi="http://www.w3.org/2001/XMLSchema-instance" xmlns:doc="http://www.lyncode.com/xoai" xsi:schemaLocation="http://www.loc.gov/MARC21/slim http://www.loc.gov/standards/marcxml/schema/MARC21slim.xsd">
   <leader>00925njm 22002777a 4500</leader>
   <datafield ind2=" " ind1=" " tag="042">
      <subfield code="a">dc</subfield>
   </datafield>
   <datafield ind2=" " ind1=" " tag="720">
      <subfield code="a">Sañas Alier, Miquel</subfield>
      <subfield code="e">author</subfield>
   </datafield>
   <datafield ind2=" " ind1=" " tag="260">
      <subfield code="c">2016-01</subfield>
   </datafield>
   <datafield ind2=" " ind1=" " tag="520">
      <subfield code="a">En aplicacions de 3D TV, l'elevat nombre de diferents vistes (càmeres) fa que la quantitat de dades a enviar sigui molt elevada. A més, per poder tenir aplicacions de Free View Point Video, sovint s'envien també els mapes de profunditat associats a cada vista en el que es coneix com a Multiview+Depth (MVD) data. En aquest projecte es desenvoluparan solucions per tal de codificar de forma eficient els mapes de profunditat per tal de reduir el bitrate necessari.</subfield>
   </datafield>
   <datafield ind2=" " ind1=" " tag="520">
      <subfield code="a">In 3DTV applications, a large amount of data is transmitted due to the high number of different views. Moreover, to get Fee View Point Video services, usually depth maps are sent together with each view, in what is known as Multiview+Depth (MVD) data. In this project different solutions are developed with the aim of efficiently encode the depth maps and so reduce the bitrate needed.</subfield>
   </datafield>
   <datafield ind2=" " ind1=" " tag="520">
      <subfield code="a">En aplicaciones de 3DTV, el elevado número de diferentes vistas (cámaras) hace que la cantidad de datos a enviar sea muy elevada. Además, para poder tener aplicaciones de Free View Point Video, a menudo se envían también los mapas de profundidad asociados a cada vista, en lo que se conoce como Multiview+Depth (MVD) data. En este proyecto se desarrollan soluciones para codificar de forma eficiente los mapas de profundidad con el objetivo de reducir el bitrate necesario.</subfield>
   </datafield>
   <datafield ind2=" " ind1=" " tag="520">
      <subfield code="a">En aplicacions de 3D TV, l'elevat nombre de diferents vistes (càmeres) fa que la quantitat de dades a enviar sigui molt elevada. A més, per poder tenir aplicacions de Free View Point Video, sovint s'envien també els mapes de profunditat associats a cada vista en el que es coneix com a Multiview+Depth (MVD) data. En aquest projecte es desenvolupen solucions per tal de codificar de forma eficient els mapes de profunditat amb l'objectiu de reduir el bitrate necessari.</subfield>
   </datafield>
   <datafield tag="653" ind2=" " ind1=" ">
      <subfield code="a">Àrees temàtiques de la UPC::Enginyeria de la telecomunicació</subfield>
   </datafield>
   <datafield tag="653" ind2=" " ind1=" ">
      <subfield code="a">Mass media</subfield>
   </datafield>
   <datafield tag="653" ind2=" " ind1=" ">
      <subfield code="a">Computer vision</subfield>
   </datafield>
   <datafield tag="653" ind2=" " ind1=" ">
      <subfield code="a">Television</subfield>
   </datafield>
   <datafield tag="653" ind2=" " ind1=" ">
      <subfield code="a">Mass Media</subfield>
   </datafield>
   <datafield tag="653" ind2=" " ind1=" ">
      <subfield code="a">Computer Vision</subfield>
   </datafield>
   <datafield tag="653" ind2=" " ind1=" ">
      <subfield code="a">Televisión</subfield>
   </datafield>
   <datafield tag="653" ind2=" " ind1=" ">
      <subfield code="a">Comunicación de Masas</subfield>
   </datafield>
   <datafield tag="653" ind2=" " ind1=" ">
      <subfield code="a">Visión por Ordenador</subfield>
   </datafield>
   <datafield tag="653" ind2=" " ind1=" ">
      <subfield code="a">Televisió -- PFC</subfield>
   </datafield>
   <datafield tag="653" ind2=" " ind1=" ">
      <subfield code="a">Mitjans de comunicació de massa</subfield>
   </datafield>
   <datafield tag="653" ind2=" " ind1=" ">
      <subfield code="a">Visió per ordinador</subfield>
   </datafield>
   <datafield ind2="0" ind1="0" tag="245">
      <subfield code="a">Depth Inpainting Methods for 3DTV</subfield>
   </datafield>
   <datafield ind2="0" ind1="0" tag="245">
      <subfield code="a">Codificación de Mapas de Profundidad para 3DTV</subfield>
   </datafield>
   <datafield ind2="0" ind1="0" tag="245">
      <subfield code="a">Codificació de Mapes de Profunditat per 3DTV</subfield>
   </datafield>
</record></metadata></record></GetRecord></OAI-PMH>